[Event "Ruhrgebiet VK3-chT 9596"]
[Site "Germany"]
[Date "1996.??.??"]
[EventDate "?"]
[Round "?"]
[Result "1/2-1/2"]
[White "Hans-Gerd Schmedders"]
[Black "Klaus Kleibaumhueter"]
[WhiteElo "2305"]
[BlackElo "2105"]
[PlyCount "87"]

1. e4 e6 2. Nf3 d5 3. e5 c5 4. b4 cxb4 5. a3 bxa3 6. c3 Nc6
7. d4 Bd7 8. Bd3 Rc8 9. O-O Be7 10. Nxa3 a6 11. Bf4 Na5
12. Qc2 b5 13. Nb1 Nc6 14. Qe2 Nb8 15. Rc1 h5 16. Qe3 Nh6
17. Ng5 Ng4 18. Qd2 a5 19. h4 Qb6 20. Qb2 b4 21. Nd2 Nc6
22. Ndf3 O-O 23. Nh7 Rfe8 24. Bg5 Rb8 25. Bxe7 Nxe7 26. Qd2
Bb5 27. Bb1 Nf5 28. Nhg5 b3 29. Bxf5 exf5 30. Rcb1 a4 31. Qf4
Bd7 32. Ne1 a3 33. Rxa3 b2 34. Nd3 Qb5 35. Nb4 Qe2 36. Ra2 Qc4
37. Raxb2 Qxc3 38. Nf3 Rec8 39. Qd2 Qxd2 40. Nxd2 Be6 41. Kf1
Kf8 42. Ke2 Ra8 43. Nd3 Ra4 44. Rb4 1/2-1/2